Iránska jadrová dohoda a jej vplyv na Rusko-Iránske ekonomické vzťahy
Príspevok posudzuje na základe analýzy stanovísk a záujmov Iránu a Ruskej federácie ekonomické vzťahy a možné smery ich rozvoja v strednodobom horizonte. Faktory ovplyvňujúce trendy vývoja svetového trhu s ropou. Rusko a Irán v otázkach ťažby ropy a plynu budujú strategické partnerstvo.
Gespeichert in:
| 1. Verfasser: | |
|---|---|
| Format: | Buchkapitel |
| Sprache: | Slowakisch |
| Schlagworte: | |
| Tags: |
Keine Tags, Fügen Sie das erste Tag hinzu!
|
MARC
| LEADER | 00000naa$a2200000$$$4500 | ||
|---|---|---|---|
| 001 | 0219589 | ||
| 005 | 20240502073622.4 | ||
| 041 | 0 | |a slo | |
| 044 | |a SK | ||
| 245 | 1 | 0 | |a Iránska jadrová dohoda a jej vplyv na Rusko-Iránske ekonomické vzťahy |c Ľubomír Čech |
| 520 | |a Príspevok posudzuje na základe analýzy stanovísk a záujmov Iránu a Ruskej federácie ekonomické vzťahy a možné smery ich rozvoja v strednodobom horizonte. Faktory ovplyvňujúce trendy vývoja svetového trhu s ropou. Rusko a Irán v otázkach ťažby ropy a plynu budujú strategické partnerstvo. | ||
| 610 | 2 | 0 | |a vzťahy politické medzinárodné |
| 610 | 2 | 0 | |a vzťahy hospodárske medzinárodné |
| 610 | 2 | 0 | |a ropa |
| 610 | 2 | 0 | |a plyn |
| 610 | 2 | 0 | |a partnerstvo strategické |
| 610 | 2 | 0 | |a Rusko |
| 610 | 2 | 0 | |a Irán |
| 100 | 1 | |a Čech, Ľubomír, 1955- | |